First certificate gold with key : (Record no. 2063)
[ view plain ]
| 000 -LEADER | |
|---|---|
| fixed length control field | 01468cam a22003255a 4500 |
| 003 - CONTROL NUMBER IDENTIFIER | |
| control field | EG-ScBUE |
| 005 - DATE AND TIME OF LATEST TRANSACTION | |
| control field | 20220801114944.0 |
| 008 - FIXED-LENGTH DATA ELEMENTS--GENERAL INFORMATION | |
| fixed length control field | 080915s2006 enka f 000 0 eng d |
| 020 ## - INTERNATIONAL STANDARD BOOK NUMBER | |
| International Standard Book Number | 140584938X |
| 020 ## - INTERNATIONAL STANDARD BOOK NUMBER | |
| International Standard Book Number | 9781405849388 |
| 040 ## - CATALOGING SOURCE | |
| Original cataloging agency | EG-ScBUE |
| Language of cataloging | eng |
| Description conventions | rda |
| Transcribing agency | EG-ScBUE |
| Modifying agency | EG-ScBUE |
| 082 04 - DEWEY DECIMAL CLASSIFICATION NUMBER | |
| Classification number | 428.24076 |
| Item number | BUR |
| Edition number | 22 |
| 100 1# - MAIN ENTRY--PERSONAL NAME | |
| Personal name | Burgess, Sally, |
| Dates associated with a name | 1954- |
| Relator term | author. |
| 9 (RLIN) | 486 |
| 245 10 - TITLE STATEMENT | |
| Title | First certificate gold with key : |
| Remainder of title | exam maximiser / |
| Statement of responsibility, etc | Sally Burgess with Richard Acklam. |
| 250 ## - EDITION STATEMENT | |
| Edition statement | New edition. |
| 264 #1 - PUBLICATION, DISTRIBUTION, ETC. (IMPRINT) | |
| Place of publication, distribution, etc | Harlow, England : |
| Name of publisher, distributor, etc | Pearson Education Limited, |
| Date of publication, distribution, etc | 2006. |
| 300 ## - PHYSICAL DESCRIPTION | |
| Extent | 127 pages : |
| Other physical details | illustrations (some color) ; |
| Dimensions | 28 cm |
| 336 ## - CONTENT TYPE | |
| Source | rdacontent |
| Content type term | text |
| Content type code | txt |
| 337 ## - MEDIA TYPE | |
| Source | rdamedia |
| Media type term | unmediated |
| Media type code | n |
| 338 ## - CARRIER TYPE | |
| Source | rdacarrier |
| Carrier type term | volume |
| Carrier type code | nc |
| 520 ## - SUMMARY, ETC. | |
| Summary, etc | The "First Certificate Gold" practice exams consist of a set of five practice exams which are free-standing, in line with the exact specifications of the revised Cambridge exam and designed to look as similar as possible to the real exam. Also available with key and with cassettes. |
| 650 #7 - SUBJECT ADDED ENTRY--TOPICAL TERM | |
| Topical term or geographic name as entry element | English language |
| Form subdivision | Textbooks for foreign speakers. |
| Source of heading or term | BUEsh |
| 9 (RLIN) | 43 |
| 650 #7 - SUBJECT ADDED ENTRY--TOPICAL TERM | |
| Topical term or geographic name as entry element | English language |
| Form subdivision | Examinations, questions, etc. |
| Source of heading or term | BUEsh |
| 650 #7 - SUBJECT ADDED ENTRY--TOPICAL TERM | |
| Topical term or geographic name as entry element | English language |
| General subdivision | Grammar |
| Form subdivision | Problems, exercises, etc. |
| Source of heading or term | BUEsh |
| 9 (RLIN) | 34878 |
| 651 ## - SUBJECT ADDED ENTRY--GEOGRAPHIC NAME | |
| Source of heading or term | BUEsh |
| 653 ## - INDEX TERM--UNCONTROLLED | |
| Resource For college | Humanities: English |
| Arrived date list | January2014 |
| -- | December2017 |
| -- | January2019 |
| 655 ## - INDEX TERM--GENRE/FORM | |
| Form subdivision | Reading book |
| 9 (RLIN) | 34232 |
| 700 1# - ADDED ENTRY--PERSONAL NAME | |
| Personal name | Acklam, Richard, |
| Relator term | author. |
| 9 (RLIN) | 487 |
| 942 ## - ADDED ENTRY ELEMENTS (KOHA) | |
| Source of classification or shelving scheme | Dewey Decimal Classification |
| Koha item type | Book - Borrowing |
| Withdrawn status | Lost status | Source of classification or shelving scheme | Damaged status | Not for loan | Collection code | Home library | Current library | Shelving location | Date acquired | Source of acquisition | Cost, normal purchase price | Total Checkouts | Full call number | Barcode | Date last seen | Cost, replacement price | Koha item type | Materials specified (bound volume or other part) | Total Renewals | Date checked out |
|---|---|---|---|---|---|---|---|---|---|---|---|---|---|---|---|---|---|---|---|---|
| Dewey Decimal Classification | Baccah | Central Library | Central Library | Second Floor | 08/02/2007 | Purchase | 100.00 | 428.24076 BUR | 000002158 | 15/07/2025 | 125.00 | NB - Book (Non borrowing) | ||||||||
| Lost | Dewey Decimal Classification | Central Library | Central Library | Second Floor | 15/09/2008 | Purchase | 100.00 | 428.24076 BUR | 000013562 | 15/09/2008 | 125.00 | Book - Borrowing | Lost In Inventory_2015-8-23 | |||||||
| Dewey Decimal Classification | Central Library | Central Library | Second Floor | 15/09/2008 | Purchase | 100.00 | 428.24076 BUR | 000013563 | 15/07/2025 | 125.00 | Book - Borrowing | |||||||||
| Dewey Decimal Classification | Central Library | Central Library | Second Floor | 15/09/2008 | Purchase | 100.00 | 428.24076 BUR | 000013564 | 15/07/2025 | 125.00 | Book - Borrowing | |||||||||
| Dewey Decimal Classification | Central Library | Central Library | Second Floor | 15/09/2008 | Purchase | 100.00 | 2 | 428.24076 BUR | 000013565 | 15/07/2025 | 125.00 | Book - Borrowing | 1 | 28/10/2008 | ||||||
| Dewey Decimal Classification | Alahram | Central Library | Central Library | Second Floor | 15/09/2008 | Purchase | 100.00 | 1 | 428.24076 BUR | 000013566 | 15/07/2025 | 125.00 | Book - Borrowing | 29/09/2008 | ||||||
| Dewey Decimal Classification | Central Library | Central Library | Second Floor | 15/09/2008 | Purchase | 100.00 | 3 | 428.24076 BUR | 000013567 | 15/07/2025 | 125.00 | Book - Borrowing | 2 | 29/03/2009 | ||||||
| Dewey Decimal Classification | Central Library | Central Library | Second Floor | 15/09/2008 | Purchase | 100.00 | 1 | 428.24076 BUR | 000013568 | 15/07/2025 | 125.00 | Book - Borrowing | 2 | 28/09/2008 | ||||||
| Dewey Decimal Classification | Alahram | Central Library | Central Library | Second Floor | 03/02/2009 | Purchase | 100.00 | 1 | 428.24076 BUR | 000013569 | 15/07/2025 | 125.00 | Book - Borrowing | 22/06/2011 |